000 00901nab a2200253 u 4500
001 11854
003 HDC
007 cr bn ---aaaaa
008 210208c mydr|nes 0 a eng d
040 _aHDC
100 _aStott, Rob,
_eauthor
_912215
245 4 _aThe First Submissions Have Been Made To The Senate's Halal Food Inquiry And It's Exactly What You Expect /
_cby Rob Stott
260 _a[no place] :
_b[publisher not identified],
_c[no year]
336 _atext
_2rdacontent
337 _acomputer
_2rdamedia
338 _aonline resource
_2rdacarrier
650 _aHalal food industry
_9128
650 _aHalal food
_950
710 _aMetrotvnews.com
856 _zRequest full-text at [email protected]
942 _2lcc
942 _cNEWS
942 _kNWSO 002644
999 _c9177
_d9177